| 000 | 01742cam a22004574a 4500 | ||
|---|---|---|---|
| 001 | muse85051 | ||
| 003 | MdBmJHUP | ||
| 005 | 20210127151633.0 | ||
| 006 | m o d | ||
| 007 | cr||||||||nn|n | ||
| 008 | 180926s2010 mx o 00 0 spa d | ||
| 020 | _a9786075640020 | ||
| 020 | _z9786074622409 | ||
| 020 | _z607462240X | ||
| 035 | _a(OCoLC)1151418438 | ||
| 040 |
_aMdBmJHUP _cMdBmJHUP |
||
| 245 | 0 | 0 |
_aHistoria general de México ilustrada _bvolumen I / _nVolumen 1 / _cErik Velásquez García [and 23 others]. _nVolumen 1 / |
| 250 | _aPrimera edición. | ||
| 264 | 1 | _bCámara de Diputados, LXI Legislatura, | |
| 264 | 3 | _bProject MUSE, | |
| 300 | _a1 online resource (1 online resource.) | ||
| 500 | _a"Edición conmemorativa por el inicio del Bicentenario de la Independencia y el inicio del Centenario de la Revolución." | ||
| 506 | 0 |
_aOpen Access _fUnrestricted online access _2star |
|
| 588 | _aDescription based on print version record. | ||
| 651 | 0 |
_aMexico. _2fast _0(OCoLC)fst01211700 |
|
| 651 | 0 |
_aMexico _xHistory _vPictorial works. |
|
| 651 | 0 |
_aMexico _xHistory. |
|
| 655 | 0 |
_aPictorial works. _2fast _0(OCoLC)fst01423874 |
|
| 655 | 0 |
_aHistory. _2fast _0(OCoLC)fst01411628 |
|
| 655 | 0 |
_aElectronic books. _2lcgft |
|
| 655 | 0 | _aElectronic books. | |
| 655 | 7 |
_aElectronic books. _2local |
|
| 700 | 1 |
_aVelásquez, Erik _q(Velásquez García), _eauthor. |
|
| 710 | 2 |
_aProject Muse. _edistributor |
|
| 830 | 0 | _aBook collections on Project MUSE. | |
| 856 | 4 | 0 |
_zFull text available: _uhttps://muse.jhu.edu/book/74684/ |
| 999 |
_c26489 _d26489 |
||